000 00683nam a22002177a 4500
999 _c17948
_d17948
003 AR-CdUCM
008 190510b ||||| |||| 00| 0 spa d
040 _aMUNICIPALIDAD PROVINCIAL DEL CUSCO
_cBIBLIOTECA MUNICIPAL DEL CUSCO
041 _heng
082 _a362.109 /
_bV822
100 _aViscardi, Henry
_938223
245 _aDadnos las herramientas /
260 _aBuenos Aires :
_bPlaza & Janes,
_c1964.
300 _a254 páginas ;
_c17 cm.
505 _aContenido: Sociedades de rehabilitación.
650 _aSociedades de rehabilitación
_938224
650 _aInválidos
_938225
650 _aRehabilitación
_931901
942 _2ddc
_cLIBROS
945 _adavv
_d2019-05-10